00510nam a2200193Ia 4500003000400000005001700004008004100021020001800062040000700080041000800087082002100095100005700116245005400173250000600227260003800233300001400271365001400285650001700299OSt20230518104506.0210423s2002 xx 000 0 und d a0-7167-4738-3 cAL aeng a574.192 SALC223 aSALTSMAN (Kirstie);BERG (Jeremy);TOMASELLI (Gordon). aClinical companion to copmpany: Biochemistry Ed 5 a5 aNew DelhibW H Freeman & Coc2002 av,333bPB b2395cINR aBiochemistry